A importância da irrigação para a intensificação sustentável da agricultura (Registro n. 329274)
[ somente texto ]
| 000 -LÍDER | |
|---|---|
| fixed length control field | 00917nab a2200289 4500 |
| 003 - CÓDIGO MARC DA AGÊNCIA CATALOGADORA | |
| Campo de controle | BR-BrBNA |
| 005 - DATA E HORA DA ÚLTIMA ATUALIZAÇÃO | |
| Campo de controle | 20241215145932.0 |
| 008 - CAMPO DE TAMANHO FIXO | |
| fixed length control field | 241215b bl.||||| |||| 00| 0 por d |
| 040 ## - FONTE DA CATALOGAÇÃO | |
| Agência catalogadora | BR-BrBNA |
| Idioma da catalogação | por |
| 072 ## - CATEGORIA AGRIS | |
| Código AGRIS | F06 ; E10 ; C20 |
| 100 ## - ENTRADA PRINCIPAL - NOME PESSOAL | |
| Nome pessoal | Rodrigues, Lineu Neiva |
| 245 ## - TÍTULO PRINCIPAL | |
| Título principal | A importância da irrigação para a intensificação sustentável da agricultura |
| 500 ## - NOTA GERAL | |
| Nota geral | 3 illus. |
| 942 ## - ADDED ENTRY ELEMENTS (KOHA) | |
| Koha item type | Analítica |
| 650 ## - ASSUNTO - THESAGRO | |
| Cabeçalho tópico ou nome geográfico | IRRIGAÇÃO |
| 650 ## - ASSUNTO - THESAGRO | |
| Cabeçalho tópico ou nome geográfico | AGRICULTURA SUSTENTÁVEL |
| 650 ## - ASSUNTO - THESAGRO | |
| Cabeçalho tópico ou nome geográfico | SEGURANÇA ALIMENTAR |
| 650 ## - ASSUNTO - THESAGRO | |
| Cabeçalho tópico ou nome geográfico | AGRICULTURA INTENSIVA |
| 650 ## - ASSUNTO - THESAGRO | |
| Cabeçalho tópico ou nome geográfico | SUSTENTABILIDADE |
| 650 ## - ASSUNTO - THESAGRO | |
| Cabeçalho tópico ou nome geográfico | MANEJO |
| 650 ## - ASSUNTO - THESAGRO | |
| Cabeçalho tópico ou nome geográfico | CAPACITAÇÃO |
| 650 ## - ASSUNTO - THESAGRO | |
| Cabeçalho tópico ou nome geográfico | ADOÇÃO DE TECNOLOGIA |
| 650 ## - ASSUNTO - THESAGRO | |
| Cabeçalho tópico ou nome geográfico | USO SUSTENTÁVEL DA ÁGUA |
| 650 ## - ASSUNTO - THESAGRO | |
| Cabeçalho tópico ou nome geográfico | PRODUTIVIDADE |
| 773 0# - ENTRADA ANALÍTICA | |
| Host Biblionumber | 4820 |
| Registro do item | 344760 |
| Imprenta | Votuporanga/SP IRRIGAZINE 2009 |
| Outro identificador | 2024-5090 |
| Título | Irrigazine (Brazil) |
| Colação | v. 11(44) p. 28-30; (Nov 2015) |
| Número de controle de registro | BR2024003963 |
Nenhum exemplar disponível.

BINAGRI